01018nam a2200193 a 4500008004100000020001500041050001900056100002100075245002600096260004500122350000900167650003300176650003200209995014900241995015000390999001700540952012900557952013800686120416s1989 ||||||||||||||||| || u a0195050134 aQE 33.2.M3 Isa aIsaaks, Edward H10aApplied geostatistics aNew York:bOxford University Pressc1989 a0.00 aGEOLOGY--STATISTICAL METHODS aGEOLOGY--STUDY AND TEACHING aANNEX COLLECTION (Main Library)D0.00e728628FCBU-MAIN LIBRARY (Kitwe)H2I0.00jQE 33.2.M3 IsaUAVAILABLEy019152ZAnnex Low-Usage Collection  aMAIN LIBRARY OPEN ACCESSD0.00e728629FCBU-MAIN LIBRARY (Kitwe)H1I0.00jQE 33.2.M3 IsaUAVAILABLEy019151ZMain Library Open Access Collection c84284d84284 00102lcc4070a001b001cAnnex Low-Usage Collectiond2024-01-25l0oQE 33.2.M3 Isap019152r2024-01-25t1w2024-01-25y002 00102lcc4070a001b001cMain Library Open Access Collectiond2024-01-25l0oQE 33.2.M3 Isap019151r2024-01-25t2w2024-01-25y002